书目信息 |
| 题名: |
中国艺术大师风范
|
|
| 作者: | 孙萌 主编 | |
| 分册: | 书法卷 | |
| 出版信息: | 北京 中国华侨出版社 2013 |
|
| 页数: | 83页 | |
| 开本: | 29cm | |
| 丛书名: | ||
| 单 册: | ||
| 中图分类: | J221 , J292.28 | |
| 科图分类: | ||
| 主题词: | 绘画--作品集--中国--现代 , 法书--作品集--中国--现代 | |
| 电子资源: | ||
| ISBN: | 978-7-5113-4078-8 | |
| 000 | 00735nam0 2200253 450 | |
| 001 | 339275 | |
| 005 | 20150608145744.14 | |
| 010 | @a978-7-5113-4078-8@b精装@dCNY158.00 | |
| 100 | @a20131213d2013 em y0chiy50 ea | |
| 101 | 0 | @achi@aeng |
| 102 | @aCN@b110000 | |
| 105 | @aa z 000yy | |
| 106 | @ar | |
| 200 | 1 | @a中国艺术大师风范@Azhong guo yi shu da shi feng fan@i书法卷@f孙萌主编 |
| 210 | @a北京@c中国华侨出版社@d2013 | |
| 215 | @a83页@d29cm | |
| 312 | @a封面副题名:中国艺坛四大领军人物 | |
| 606 | 0 | @a绘画@x作品集@y中国@z现代 |
| 606 | 0 | @a法书@x作品集@y中国@z现代 |
| 690 | @aJ221@v5 | |
| 690 | @aJ292.28@v5 | |
| 701 | 0 | @a孙萌@Asun meng@c(女, @f1970)@4主编 |
| 801 | 0 | @aCN@b卓展宏图@c20150525 |
| 905 | @dJ221@e153@f2 | |
| 中国艺术大师风范.书法卷/孙萌主编.-北京:中国华侨出版社,2013 |
| 83页;29cm |
| ISBN 978-7-5113-4078-8(精装):CNY158.00 |
| ● |
| 相关链接 |
|
|
|
|
正题名:中国艺术大师风范
索取号:J221/153
 
预约/预借
| 序号 | 登录号 | 条形码 | 馆藏地/架位号 | 状态 | 备注 |
| 1 | 864340 | 208643404 | 第一样本阅览室/ [索取号:J221/153] | 在馆 | |
| 2 | 864341 | 208643413 | 第一借阅区/ [索取号:J221/153] | 在馆 |